| 000 | 00861nam a2200277 a 4500 | ||
|---|---|---|---|
| 001 | 17569 | ||
| 003 | BD-RjUL | ||
| 005 | 20211209000148.0 | ||
| 008 | 140217s1960 mau 001 1 eng | ||
| 020 | _c: Rs.20.00 | ||
| 035 | _a(BD-RjUL)17627 | ||
| 040 |
_aDLC _cDLC _beng _dBD-RjUL |
||
| 041 | _aeng | ||
| 082 | 0 | 0 |
_a811.4 _221 _bDIC 1960 |
| 100 | 1 |
_aDickinson, Emily _955019 |
|
| 245 | 1 | 4 |
_aThe complete poems of Emily Dickinson / _cedited by Thomas H. Johnson. |
| 260 |
_aBoston : _bBack Bay Books, Little, Brown and Co. , _cc1960. |
||
| 260 |
_aDelhi : _bKalyani Pub. , _c1960 |
||
| 300 |
_axiii, 770 p. ; _c21 cm. |
||
| 504 | _aIncludes indexes. | ||
| 650 |
_aAmerican poetry -- 19th century. _954144 |
||
| 650 |
_aAmerican poetry -- Women authors. _954145 |
||
| 700 | 1 |
_aJohnson, Thomas H. _9236612 |
|
| 942 |
_2ddc _cBK |
||
| 999 |
_c17569 _d17569 |
||